[Event "Nordic-ch VISA"]
[Site "Reykjavik"]
[Date "1997.10.14"]
[Round "6"]
[White "Stefansson, Hannes"]
[Black "Thorhallsson, Throstur"]
[Result "1-0"]
[WhiteElo "2545"]
[BlackElo "2510"]
[Annotator "Ribli,Z"]
[PlyCount "48"]
[EventDate "1997.10.08"]
[EventType "tourn"]
[EventRounds "13"]
[EventCountry "ISL"]
[EventCategory "10"]
[SourceTitle "CBM 062"]
[Source "ChessBase"]
[SourceDate "1998.01.31"]
[SourceVersion "1"]
[SourceVersionDate "1998.01.31"]
[SourceQuality "1"]

1. c4 e6 2. Nf3 d5 3. b3 Be7 {Normalerweise sollen wir dem Prinzip Laskers
folgen: "zuerst die Springer entwickeln, und danach die Läufer", wie es der
zweite Weltmeister lehrte. Dieser Läuferzug hat aber eine spezielle Ursache.
Nach 4.Bb2 spielt Schwarz 4...Bf6 und neutralisiert den Läufer des Anziehenden.
Ribli.} (3... Nf6 {ist natürlich auch möglich.}) 4. Bb2 Bf6 5. Nc3 (5. Qc1 d4
6. e3 e5 7. d3 Nc6 8. exd4 exd4 9. Be2 Nge7 10. O-O O-O 11. Nbd2 Ng6 12. Ne4
Re8 13. Re1 Be7 14. a3 a5 15. Qd2 h6 16. h3 Bf5 $10 {Akopian,V-Petrosian,A
URS-sf Daugavpils 1989 CBM/16}) (5. d4 $6 dxc4 6. bxc4 c5 7. e4 cxd4 8. e5 Bxe5
9. Nxe5 Qa5+ 10. Nd2 Qxe5+ 11. Be2 Nc6 12. O-O Qc7 13. Ne4 Nge7 $17 {Chernin,
A-Novikov,I New York op 1991 CBM/23}) 5... dxc4 $6 (5... c5 $5 6. g3 (6. e3 Nc6
7. Qc2 (7. d3 Nge7 8. Be2 O-O 9. O-O b6 10. Qd2 Bb7 11. Rfd1 Ng6 12. cxd5 exd5
13. d4 cxd4 14. Nxd4 Nxd4 15. exd4 Bg5 {1/2-1/2 Barbero,G-Votruba,P/Forli op
1990 (27)}) 7... d4 8. Ne4 Be7 9. exd4 cxd4 10. a3 a5 11. c5 Nf6 12. Bd3 e5 13.
Nxf6+ Bxf6 14. O-O g6 15. Rfe1 O-O 16. Rab1 Be6 17. Be4 Bd5 18. d3 Rc8 {
1/2-1/2 Kozul,Z-Novikov,I/Portoroz 1996 (24)}) 6... Nc6 7. Bg2 d4 (7... Bxc3 8.
Bxc3 d4 9. Bb2 e5 10. O-O e4 11. Ne1 Nf6 12. d3 e3 13. fxe3 Ng4 14. Nc2 dxe3
15. Qc1 Nd4 16. Nxd4 cxd4 17. Rf4 {1-0 Pribyl,J-Rehm,M/Berliner Sommer 1996 
(21)}) (7... Nge7 8. O-O O-O 9. e3 dxc4 10. bxc4 Qd3 11. Na4 Bxb2 12. Nxb2 Qd6
13. d3 b6 14. Qe2 Bb7 15. Rfd1 e5 16. Na4 Rad8 17. Nc3 h6 18. a3 Rfe8 19. Rab1
{1/2-1/2 Beim,V-Rabiega,R/Graz op 1996}) 8. Na4 Qd6 9. d3 e5 {Grigorian,
K-Sveshnikov,E/URS-ch44 1976/0-1 (48)}) (5... d4 $6 6. Ne4 $14) 6. bxc4 c5 7.
e3 (7. g3 b6 {Schwarz entwickelt - wie Weiß - seine Läufer auf den großen
Diagonalen.} 8. Bg2 Bb7 9. O-O Ne7 10. Qb1 Nf5 11. d3 Nc6 12. Ne4 Bxb2 13. Qxb2
O-O $4 14. Nxc5 Bc8 15. Ne5 Nxe5 16. Qxe5 Nd4 17. Nb3 Nxb3 18. axb3 f6 19. Qe4
Rb8 20. Rxa7 Qd6 21. Qc6 {1-0 Moehring,G-Mueller,S/Berliner Sommer 1996/EXP 54}
) (7. Qc1 b6 8. e3 Nc6 9. Be2 Nge7 10. O-O Nf5 11. Rd1 O-O 12. Ne4 Bxb2 13.
Qxb2 Qe7 14. d4 cxd4 15. exd4 Bb7 16. Nc3 Rfd8 17. d5 exd5 18. Nxd5 Qf8 19. Bd3
Nce7 {1/2-1/2 Grigorian,K-Petrosian,A/Erevan 1982 (28)}) 7... Nc6 8. Be2 b6 (
8... Nge7 $5 {Meines Erachtens ist das viel natürlicher als die
Partiefortsetzung. Der Ne7 zielt nach f5, von wo aus er - der Hauptstrategie
von Schwarz entsprechend - das wichtigste Zentrumsfeld d4 kontrolliert.}) 9. d4
$5 {[#] Dieses Bauernopfer führt zu interessantem taktischen Verwicklungen.
Ohne diesen Zug erreicht Weiß keinen Vorteil, und Schwarz kann mit Bb7 und
Nge7 seine Entwicklung ohne Probleme beenden.} cxd4 10. exd4 Be7 $6 (10... Nxd4
{Nach der Annahme des Opfers erhält Weiß Kompensation, aber auch Schwarz hat
seine Chancen.} 11. Nxd4 Qxd4 (11... Bxd4 $6 12. Bf3 Rb8 (12... Bxc3+ $2 13.
Bxc3 $18 {[%cal Rc3h8,Rf3a8]}) 13. Bc6+ Kf8 (13... Ke7 14. Nd5+ $16) (13... Bd7
14. Qxd4 Bxc6 15. Qxg7 Qf6 16. Ne2 e5 17. Bxe5 $18) 14. Nb5 $36) 12. Qxd4 Bxd4
13. O-O-O $44 (13. Rd1 e5 $1 (13... Bf6 $2 14. Bf3 Rb8 15. Bc6+ Kf8 16. Ba3+
Ne7 (16... Be7 17. Rd8#) 17. Rd8#) (13... Be5 $2 14. Bf3 Rb8 15. Bc6+ Ke7 16.
Nd5+ exd5 17. Bxe5 $18 {[%csl Rb8]}) (13... Bxc3+ 14. Bxc3 f6 $1 {Es ist
wichtig den moeglichen Laeuferzug Bc3-e5 zu nehmen von Weiss.Ribli.} (14... Nf6
15. Bf3 Rb8 16. Be5) 15. Bh5+ {[%csl Re8]} g6 (15... Ke7 16. Bb4#) 16. Bf3 Rb8
17. Bc6+ Kf7 18. Rd8 $16 {[%cal Gd8h8,Gd8b8]}) 14. Nb5 Bxb2 15. Nc7+ Ke7 16.
Nxa8 Bc3+ 17. Kf1 Nf6 18. Nc7 Bb7 $13)) 11. O-O $14 {Weiss hat großen
Entwicklungsvorspung und ein starkes Zentrum.} Nf6 12. d5 {Dieser
Bauernvorstoß bereitet Schwarz Probleme. Der schwarze König fühlt sich
unbehaglich im Zentrum.} Na5 13. Qc2 a6 $2 {Dieser Zug ist mir schwer
verständlich. Vielleicht hat Schwarz Angst vor Nb5. Es wäre aber allemal
besser, die Entwicklung zu beenden.} (13... O-O 14. Rad1 $14 {Weiß besitzt
eindeutig die Initiative, und die schwarze Dame steht nicht gut auf d8.} (14.
Ng5 $6 h6 (14... exd5 $2 15. Nxd5 $16))) 14. Rad1 Qc7 {Das war die Idee von 13.
..a6? Aber die Zeit ist nun einmal auch ein sehr wichtiger Faktor im
Schachspiel...} 15. Ne4 $16 {[%csl Gb2,Re8][%cal Gb2h8]} exd5 16. Be5 $1 (16.
Nxf6+ Bxf6 17. Bxf6 gxf6 18. Rxd5 Be6 19. Rh5) 16... Qc6 $8 {Wenn sich Schwarz
für einen anderen Damenzug entscheidet, spielt Weiß 17.cxd5, und der Vormarsch
des Bauern ist vorgezeichnet.} 17. Nd4 Qd7 18. cxd5 Bb7 (18... Nxd5 19. Nb3 $5
{[%cal Gd1d7]} (19. Bxg7 Rg8) 19... f6 20. Bg3 Bb7 21. Nxa5 bxa5 22. Bc4 Rc8
23. Qe2 Kf8 (23... O-O 24. Nc3 $16 {[%cal Rc4g8]}) 24. Bxa6 Bxa6 25. Qxa6 {
Und die Stellung ist nur unter dem materiellen Gesichtspunkt ausgeglichen.
Schwarz verfügt über keine Figurenkoordination, und die Feßlung auf der
d-Linie ist tödlich.}) 19. Nf5 O-O (19... Qxf5 20. Nd6+ $18 {[%cal Rc2f5]}) 20.
Nxf6+ Bxf6 (20... gxf6 21. Qe4 {[%cal Re4g4,Rg4g7]} Kh8 22. Bd3 Qxd5 23. Nxe7
Qxe4 24. Bxf6#) 21. Bxf6 gxf6 22. Bg4 $18 {[%cal Gg4d7]} Kh8 23. Qc3 {[%csl
Rf6,Rh8]} Qd8 24. Rfe1 Rg8 {Und Schwarz gab zugleich auf, da er die
vielseitigen Drohungen nicht parieren kann.} (24... Rg8 25. Ne7 (25. Qd4 $18) (
25. Re7 Rg6 $8 26. Bh5 Rc8 27. Qb2 $5 (27. Qd4) 27... Nc4 28. Qd4 $18) 25...
Rxg4 26. Qxf6+ Rg7 27. Re4 {[%cal Re4g4,Rg4g7]} b5 28. Rg4 Qf8 29. Nf5 $18) 1-0

[Event "WchT 5th"]
[Site "Yerevan"]
[Date "2001.10.20"]
[Round "9.1"]
[White "Ghaem Maghami, Ehsan"]
[Black "Mitkov, Nikola"]
[Result "1-0"]
[WhiteElo "2513"]
[BlackElo "2514"]
[Annotator "Ribli,Z"]
[PlyCount "95"]
[EventDate "2001.10.12"]
[EventType "team-tourn"]
[EventRounds "9"]
[EventCountry "ARM"]
[SourceTitle "CBM 086"]
[Source "ChessBase"]
[SourceDate "2002.02.05"]
[SourceVersion "1"]
[SourceVersionDate "2002.02.05"]
[SourceQuality "1"]
[WhiteTeam "Iran"]
[BlackTeam "Macedonia"]
[WhiteTeamCountry "IRI"]
[BlackTeamCountry "MKD"]

1. c4 e6 2. Nf3 d5 3. g3 dxc4 {Diese Zugfolge ist sehr gesund - Schwarz
entwickelt zuerst den Damenflügel, spart sich den Zug Nf6 und nutzt dieses
Mehrtempo am Damenflügel.} 4. Qa4+ c6 (4... Nd7 5. Bg2 a6 6. Qxc4 b5 7. Qc2 Bb7
) 5. Qxc4 b5 6. Qc2 (6. Qb3 Bb7 7. Bg2 Nd7 8. d4 Ngf6 9. O-O a6 10. a4 c5 11.
axb5 Bd5 12. Qc2 Be4 13. Qb3 Bd5 14. Qc2 axb5 15. Rxa8 Qxa8 16. Nc3 Bc6 17. e4
Nxe4 18. Ne5 Nxe5 19. Nxe4 Nd7 {0-1 Sommerbauer,N-Pavasovic,D/Elista 1998/CBM
66 ext (37)}) 6... Bb7 7. Bg2 (7. d4 Nd7 8. Bg2 c5 9. Be3 Rc8 10. dxc5 Bxc5 11.
Bxc5 Nxc5 12. O-O Nf6 13. Nbd2 O-O 14. Rac1 Qb6 15. Qb1 Rfd8 {0-1 Freisler,
P-Filippov,V/Panormo GRE 2001/(56)}) 7... Qb6 {Dieser etwas überambitionierte
Zug gefällt mir nicht - Ngf6 und Nbd7 versprachen Schwarz gute
Ausgleichschancen.} (7... Nf6 8. O-O (8. a4 Be7 9. O-O O-O 10. d4 Na6 11. Bg5
Rc8 12. Nbd2 h6 13. Bxf6 Bxf6 14. Rfd1 Be7 15. Nb3 Nb4 16. Qd2 Qb6 17. Ne5 {
0-1 Spulber,C-Manea,A/Baile Tusnad ROM 2001 (90)}) 8... Nbd7 9. d3 Be7 10. b3
O-O 11. Bb2 c5 12. Nbd2 Qb6 13. Rac1 Rfd8 (13... Rac8 14. Qb1 Rfd8 15. Qa1 Bf8
16. a3 Nd5 17. d4 Qa6 18. dxc5 Nxc5 19. Bd4 Nb6 20. b4 Nca4 21. Rxc8 Rxc8 22.
Rc1 Nc4 23. Nxc4 bxc4 {1/2-1/2 Bertok,M-Pavasovic,D/Pula CRO 2001/(39)}) 14.
Rfe1 Rac8 15. Qb1 Nb8 16. Ne5 Bxg2 17. Kxg2 Nc6 18. Nxc6 Qxc6+ 19. Nf3 Nd5 {
0-1 Kabatianski,A-Van den Doel,E/NED 2001/(38)}) 8. O-O Nf6 9. a4 $1 {[%mdl 4]
Nun muss Schwarz immer mit a4 - a5 oder axb5 rechnen. Schwarz kann selbst
nicht bxa4 spielen, weil das seine Bauernstruktur am Damenflügel zu sehr
schwächen würde.} (9. d3 c5 10. a4 a6 11. axb5 axb5 12. Rxa8 Bxa8 13. Nc3 Be7
14. Qb3 b4 15. Nd1 O-O 16. Ne3 Nbd7 17. Nd2 Bxg2 18. Kxg2 Ra8 19. Ndc4 Qc6+ 20.
Kg1 Ra1 21. Bd2 Rxf1+ 22. Nxf1 Qa6 23. Nfe3 h5 {1/2-1/2 Badea,B-Vukovic,Z/
Bucharest 2000/EXT 2001 (23)}) 9... Na6 {[%csl Gf2][%cal Ga6b4]} (9... bxa4 $6
10. Nc3 $14) 10. d4 Be7 (10... Nb4 $5 11. Qb3 $14) 11. Bg5 {Auch dieser Zug
ist stark - in der Folge muss Schwarz immer mit Bxf6 rechnen. Zudem verfügt
die weiße Dame mit dem Feld c1 nun über ein mögliches Rückzugsfeld.} O-O 12.
Nc3 $14 {[%csl Ra6,Rb6] Weiß hat eine gesunde Stellung erreicht, die schwarzen
Figuren - besonders der Na6 und die Qb6 - hingegen stehen nicht gut.} Rfd8 $6 {
Dieser schablonenhafte Zug gefällt mir nicht - es wäre besser, so schnell wie
möglich den Na6 ins Spiel zu bringen.} (12... Nb4 13. Qb3 $14 (13. Qc1 $14))
13. Ne4 {Weiß besitzt spürbar die Initiative - der Na6 befindet sich weit ab
von Ort des Geschehens.} Nb4 14. Qc1 Nbd5 15. a5 $1 Qc7 (15... Qa6 16. Bxf6
Nxf6 17. Nc5 Bxc5 18. Qxc5 $16 {[%csl Ra6] Die schwarze Dame steht sehr passiv
auf a6.}) 16. Bxf6 Nxf6 (16... Bxf6 17. Nxf6+ Nxf6 18. a6 Bc8 19. Ne5 $18 {
[%csl Rc6]}) 17. a6 {Nun muss der schwarze Läufer seinen natürlichen Platz
verlassen, infolgedessen wird der Pc6 sehr schwach.} Bc8 18. Ne5 {[%csl Rc6]}
Nxe4 19. Qxc6 $1 {Ein sehr starker Zwischenzug, der ein vorteilhaftes Endspiel
herbeiführt.} (19. Bxe4 Rxd4 20. Qxc6 Qxc6 21. Bxc6 Rb8 22. Be8 $16 {Es hängt
auf f7, noch unangenehmer ist die Drohung 23.Nc6.} (22. Bf3 Bd7 23. Rfd1 Rxd1+
24. Rxd1 Be8 $11)) 19... Qxc6 20. Nxc6 {[%csl Re4][%cal Gg2a8,Rc6d8,Rc6e7]} f5
$8 21. Nxe7+ Kf8 (21... Kf7 22. Bxe4 fxe4 23. Nc6 $16) 22. Nxc8 (22. Bxe4 fxe4
23. Nc6 Rd6 24. Rfc1 Bd7 25. Ne5 Rxd4 26. Rc7 Be8 (26... Ke7 27. Nc6+ Kd6 28.
Rxd7+ Kxd7 29. Nxd4 $18) 27. Rac1 $36) 22... Raxc8 23. Rfc1 Rxc1+ 24. Rxc1 Rxd4
25. Bxe4 Rxe4 (25... fxe4 26. Rc7 $16) 26. Rc7 $1 {Das ist der Schlüsselzug -
Weiß erobert den Pa7, und aufgrund der schlechten Stellung des schwarzen
Königs wird der Pa6 besonders stark.} (26. Rc8+ $2 Ke7 27. Rc7+ Kf6 28. Rxa7
Rb4 29. Ra8 Kf7 $11) 26... Rxe2 27. Rxa7 {[%csl Ga7,Rf8][%mdl 4096]} Re1+ (
27... Rxb2 28. Rb7 $18 {[%cal Ra6a7,Ra7a8]}) 28. Kg2 Ra1 29. f4 {Weiß
blockiert die schwarzen Bauern am Königsflügel. Sein König strebt an den
Damenflügel.} h6 {Schwarz bereitet für seinen König ein ein Schlupfloch auf h7.
} 30. Kf3 Kg8 31. Ke3 Ra2 32. Kd4 {[%csl Gd4] Der Königsmarsch ist wichtiger
als der b - Bauer.} Rxb2 33. Rb7 Kh7 34. a7 Ra2 35. Kc5 {Das ist wieder ein
gutes Beispiel dafür, dass in Turmendspielen die Qualität der Bauern viel
wichtiger ist als die Quantität. Der schwarze Mehrbauer auf der b-Linie ist
völlig bedeutungslos.} b4 36. Kxb4 $18 {Weiß hat einen klaren Gewinnplan -
Königsmarsch nach b8, und der Pa7 wird zur Dame. Schwarz hat keine
Verteidigung.} Rb2+ 37. Kc5 Rxb7 38. a8=Q Rb2 (38... Rf7 39. Kd6 Rf6 40. Ke7
$18 {[%csl Ga8,Ge7]}) 39. Qe8 Rxh2 {Schwarz kann die Partie allenfalls
verlängern, er hat keine reellen Hoffnungen.} (39... Re2 40. Kd6 $18 {Droht z.
B. 41.Qf7 und Königsmarsch nach f8.}) 40. Qxe6 Rc2+ (40... Rh5 41. Qf7 $18) 41.
Kd6 Kh8 42. Qxf5 Ra2 43. Qc8+ Kh7 44. Ke6 Kg6 $6 (44... Ra7) 45. Qc4 Ra7 46.
Qc2+ Kh5 47. g4+ (47. Qc5+ $18 {[%cal Rc5h5,Rc5a7] Dieses Schach wäre noch
einfacher.}) 47... Kxg4 48. Qe2+ (48. Qe2+ Kxf4 49. Qf2+ $18 {[%cal Rf2f4,
Rf2a7]}) 1-0

[Event "NED-ch52"]
[Site "Rotterdam"]
[Date "1997.06.23"]
[Round "3"]
[White "Van der Sterren, Paul"]
[Black "Nikolic, Predrag"]
[Result "1/2-1/2"]
[WhiteElo "2515"]
[BlackElo "2655"]
[Annotator "Ribli,Z"]
[PlyCount "60"]
[EventDate "1997.06.21"]
[EventType "tourn"]
[EventRounds "11"]
[EventCountry "NED"]
[EventCategory "12"]
[SourceTitle "CBM 060"]
[Source "ChessBase"]
[SourceDate "1997.09.29"]
[SourceVersion "1"]
[SourceVersionDate "1997.09.29"]
[SourceQuality "1"]

1. Nf3 Nf6 2. c4 e6 3. g3 a6 {Das ist GM Romanishins Lieblingsvariante. Mit
diesem Zug vermeidet Schwarz die theoretischen Hauptvarianten und strebt nach
sofortigem aktiven Gegenspiel am Damenflügel.} 4. b3 (4. Na3 b6 5. Bg2 Bb7 6.
O-O Be7 7. b3 O-O 8. Bb2 c5 9. d4 cxd4 10. Nxd4 Bxg2 11. Kxg2 Qc8 12. e3 Ra7 {
0-1 Agdestein,E-Carlier,B/Stavanger op 1989 (33)}) (4. Qa4 c6 5. Qc2 c5 6. Bg2
Nc6 7. O-O d5 8. b3 Be7 9. cxd5 Nxd5 10. Bb2 O-O 11. Rd1 Ndb4 12. Qc1 Nd4 13.
Nxd4 cxd4 14. a3 Nc6 15. d3 {1/2-1/2 Suba,M-Pigusov,E/ESP-chT 1994 (20)}) (4.
Bg2 $5) 4... b5 (4... c5 5. Nc3 (5. Bg2 $5 b5 6. Nc3 Qa5 $5 $13 {Ribli,
Z-Romanishin,O/Altensteig/1992/CBM31/}) 5... d5 (5... b6 {Ribli -> A30}) 6.
cxd5 exd5 7. d4 cxd4 8. Nxd4 Bb4 9. Bd2 Qb6 (9... O-O 10. Bg2 Bc5 11. e3 Nc6
12. Nxc6 bxc6 13. O-O Bf5 14. Na4 Bd6 15. Re1 Re8 {1/2-1/2 Adamski,J-Schlosser,
P/Schwaebisch Gmuend op 1995 (26)}) 10. e3 (10. Nc2 $5 {Ribli}) 10... Nc6 11.
Na4 Qa5 12. Nxc6 bxc6 {1/2-1/2 Wojtkiewicz,A-Romanishin,O/Bonn GSK 1994 (26)})
5. Nc3 c6 (5... b4 6. Na4 d6 7. Bg2 (7. d4 Bb7 8. Bg2 Nbd7 9. O-O Be7 10. Ne1
Bxg2 11. Kxg2 Qc8 12. f3 {1/2-1/2 Wojtkiewicz,A-Kortschnoj,V/EU-chT Debrecen
1992}) 7... Bb7 8. O-O Nbd7 9. a3 bxa3 10. Rxa3 Be7 11. Qc2 O-O 12. d3 c5 13.
Bd2 Nb8 14. b4 cxb4 15. Bxb4 Nc6 16. Bc3 {1-0 Dizdarevic,E-Fauland,A/Moscow
GMA-op 1989 (30)}) (5... d5 6. cxd5 exd5 7. d4 Ne4 8. Bd2 b4 9. Na4 Bd6 10. Bg2
Bd7 11. O-O O-O 12. Nc5 {1-0 Wojtkiewicz,A-Krasenkow,M/Palma de Mallorca GMA
1989 (35)}) 6. d4 (6. Bg2 d5 7. O-O Be7 8. d3 O-O 9. e4 Bb7 10. exd5 exd5 11.
cxd5 Nxd5 12. Nxd5 cxd5 13. Bb2 Nd7 14. Qd2 Nf6 15. Nd4 {Makarov,M-Lugovoi,A/
RUS-ch m5-8 1997/1-0 (67)}) 6... d5 {Wir haben eine typische, in der letzten
Zeit sehr oft gespielte Stellung, die meist aus einer Slawischen Zugfolge
entsteht. Nach l.d4 d5 2.c4 c6 3.Nf3 Nf6 4.Nc3 a6 erhalten wir unsere
Partiestellung, wenn Weiß 5.g3 b5 6.b3 spielt.} 7. c5 {Weiss hat Raumvorteil,
aber nach dem Partiezug Schwarz kann in einigen Varianten mit e6-e5 "sprengen".
Ribli.} (7. cxd5 cxd5 $11 {Schwarz hat eine Schwäche auf c5 und sein
weißfarbiger Läufer hat keine große Zukunft, aber die massive und symmetrische
Bauernstellung garantiert die gleiche Chancen.}) 7... Nbd7 8. Bf4 {Weiß
vermeidet den möglichen Durchbruch mit e6-e5.} (8. b4 a5 {Und leider für Weiß
kann er nicht mit a2-a3 die Bauernkette halten.}) (8. Bg2 e5 9. dxe5 Ng4 $13)
8... h6 {Schwarz bereitet eventuelles g7-g5 vor, um danach Bg7 folgen zu
lassen. Auf diese Weise bringt Schwarz das Feld e5 unter seine Kontrolle.} 9.
h4 Ne4 $13 10. Nxe4 (10. Qc2 f5 {Wir haben jetzt eine Steinwandstellung 
(Stonewall). Nach meiner Meinung hat Schwarz ausgeglichen. Er hat eine sehr
massive Bauernstruktur und der minimale Raumvorteil des Gegners hat keine
große Bedeutung.}) 10... dxe4 11. Ne5 (11. Nd2 e5 12. dxe5 (12. Bxe5 $6 Nxe5
13. dxe5 Bxc5 14. Nxe4 Bb4+ (14... Qa5+ 15. Nd2 (15. Qd2 $4 Bb4 $19) 15... O-O
$36) 15. Nd2 Qd5 $44) 12... Nxc5) 11... Nxe5 12. Bxe5 Qd5 {[%csl Gd5] Der
schwarze Bauer auf e4 ist ein wenig schwach, aber die Dame steht besonders gut
auf d5.} 13. Bg2 Bxc5 14. Qc2 (14. Bxg7 $5 Rg8 (14... Bb4+ 15. Kf1) 15. Bxh6 (
15. dxc5 Rxg7 16. Qc2 f5) (15. Be5 $13) 15... Bxd4) 14... Bb4+ 15. Kf1 f5 16.
f3 {Weiß läßt den Bauern auf g7 und spielt aktiv im Zentrum.} (16. Bxg7 $5 {
Dieser Zug scheint chancenreicher fuer mich,als die Partiefortsetzung.Ribli.}
Rg8 (16... Rh7) 17. Bxh6 Qxd4 18. Rd1 (18. Qxc6+ Kf7 $13) 18... Qb6 19. Be3 {
[%csl Rc8] Weiß hat einen Freibauern und sein König steht sicher. Der schwarze
c8-Läufer steht schlecht.}) 16... O-O 17. fxe4 fxe4+ 18. Kg1 Bb7 19. Bxe4 Qd7 {
Nachdem Schwarz seinen Mehrbauern zurück gegeben hat, erlangt gleicheChancen.
Beide weißen Läufer auf e4 und e5 stehen scheinbar sehr aktiv, aber in
Wirklichkeit kan Schwarz mit c6-c5 alle seine Problemen lösen.} 20. Rd1 $5 {
Der Textzug vermeidet der sofortige c6-c5.Ribli.} (20. Kg2 c5 $11 21. a3 $6 Bc3
$1 (21... Bxe4+ 22. Qxe4 Bc3)) 20... Rac8 21. Kg2 Qe7 {[%csl Rb7,Ge4] Nach
diesem Vorbereitungszug kann Weiß nicht mehr die Ausgleichsdrohung c6-c5
vermeiden.} 22. Rhf1 c5 $11 23. Rxf8+ Rxf8 24. Rf1 Rxf1 25. Kxf1 {Alle vier
Türme wurden getauscht auf der einzigen offenen Linie. Nun haben wir eine
gleiche Stellung ohne Komplikationen auf dem Brett.} cxd4 26. Bxd4 Qf7+ 27. Kg1
Bd6 (27... Bxe4 28. Qxe4 $14 {Weiß kontrolliert mit seinen Figuren die beiden
großen Diagonalen und hat etwas bessere Chancen.}) 28. Bxb7 Qxb7 29. Qg6 Qf7
30. Qxf7+ Kxf7 {In dieser völlig ausgegliechenen Stellung wurde remis gegeben.}
1/2-1/2

[Event "Altensteig"]
[Site "Altensteig"]
[Date "1991.??.??"]
[Round "6"]
[White "Schlosser, Philipp"]
[Black "Luther, Thomas"]
[Result "1/2-1/2"]
[WhiteElo "2485"]
[BlackElo "2495"]
[Annotator "Ribli,Z"]
[PlyCount "143"]
[EventDate "1991.07.??"]
[EventType "tourn"]
[EventRounds "11"]
[EventCountry "GER"]
[EventCategory "11"]
[SourceTitle "CBM 025"]
[Source "ChessBase"]
[SourceDate "1991.12.01"]
[SourceVersion "1"]
[SourceVersionDate "1991.12.01"]
[SourceQuality "1"]

1. Nf3 Nf6 2. c4 e6 3. g3 d5 4. Bg2 dxc4 5. Qa4+ Nbd7 6. Qxc4 c5 7. Qb3 Rb8 8.
d3 Bd6 9. Nc3 a6 10. O-O (10. Bg5 $5 b6 11. Ne4 Bc7 12. d4 h6 13. Nxf6+ Nxf6
14. Be3 Nd5 15. Bd2 O-O 16. Rc1 Qe7 17. O-O Bb7 18. dxc5 bxc5 19. Qc2 Bb6 20.
Ne5 Rfc8 21. Rfd1 $14 {Sorokoin,M-Novikov,I Belgorod 1991 EXP/23}) (10. Ng5 Qe7
11. O-O O-O 12. Nge4 Be5 13. a4 b6 14. Qc4 Nxe4 15. Bxe4 Nf6 $10 {Vaganian,
R-Salov,V URSch 1988 46/11}) (10. a4 b6 11. Ng5 (11. O-O O-O 12. Ng5 b5 $2 13.
Nxe6 $1 fxe6 14. Qxe6+ Kh8 15. Qxd6 $18 {Stangl,M-Barczay,L Kecskemet 1990 CBM/
20}) 11... Bb7 12. Bxb7 Rxb7 13. O-O h6 14. Nge4 Be7 15. Rd1 O-O 16. Bf4 Nxe4
17. Nxe4 Nf6 18. Qc4 Nxe4 19. dxe4 Qa8 20. Bd6 Bxd6 21. Rxd6 Rc8 22. e5 Rbb8
23. Qh4 Qb7 24. Rad1 Rc7 25. g4 b5 26. f3 Rf8 27. a5 c4 28. g5 hxg5 29. Qxg5 b4
$13 {Krasenkov,M-Kiselev,S Belgorod 1990 EXP/17}) 10... b6 11. Nd2 O-O 12. Nc4
Bc7 13. a4 Ne5 14. Rd1 Nxc4 15. Qxc4 Qd4 16. Qb3 Bb7 17. Bxb7 Rxb7 18. Be3 Qb4
19. Qc2 Qg4 20. Kg2 Qh5 21. f3 Be5 22. d4 cxd4 23. Bxd4 Bxd4 24. Rxd4 $14 Qc5
25. Qd3 e5 26. Rd6 e4 27. Nxe4 Nxe4 28. Qxe4 Qxd6 29. Qxb7 Qd2 30. Qxa6 Re8 31.
Kf1 Qxb2 32. Re1 h6 33. Qb5 Qxb5 34. axb5 Re5 35. Rb1 Kf8 36. e4 Ke7 37. Ke2
Kd6 38. Kd3 Kc5 39. f4 Re7 40. e5 Rd7+ 41. Ke3 Ra7 42. Kf3 h5 43. f5 g5 44.
fxg6 fxg6 45. Kf4 Rf7+ 46. Kg5 Rf5+ 47. Kxg6 Rxe5 48. h3 Re3 49. g4 Rxh3 50. g5
Rg3 51. Kxh5 Rg2 52. g6 Rh2+ 53. Kg5 Rg2+ 54. Kf6 Rf2+ 55. Kg7 Rg2 56. Rf1 Kxb5
57. Kf6 Kc4 58. Rf4+ Kd5 59. Rf5+ Kc4 60. Rg5 Rf2+ 61. Ke7 Ra2 62. g7 Ra8 63.
Rg4+ Kd5 64. Rg5+ Kc4 65. Kd6 Rg8 66. Kc6 Kd4 67. Kxb6 Ke4 68. Kc7 Kf4 69. Rg1
Kf5 70. Kd7 Kf6 71. Kd6 Rxg7 72. Rxg7 1/2-1/2

[Event "Kecskemet Szechenyi"]
[Site "Kecskemet"]
[Date "1991.??.??"]
[Round "1"]
[White "Reich, Thomas"]
[Black "Lukacs, Peter"]
[Result "0-1"]
[WhiteElo "2400"]
[BlackElo "2500"]
[Annotator "Ribli,Z"]
[PlyCount "130"]
[EventDate "1991.07.??"]
[EventType "tourn"]
[EventRounds "9"]
[EventCountry "HUN"]
[EventCategory "8"]
[SourceTitle "CBM 026"]
[Source "ChessBase"]
[SourceDate "1992.02.01"]
[SourceVersion "1"]
[SourceVersionDate "1992.02.01"]
[SourceQuality "1"]

1. c4 e6 2. Nf3 d5 3. g3 dxc4 4. Qa4+ Nd7 5. Qxc4 b6 6. Bg2 Bb7 7. O-O Ngf6 8.
Qc2 c5 9. b3 Be7 10. Bb2 O-O 11. d3 Rc8 12. Nbd2 Rc7 13. Rfc1 Qa8 14. Qd1 Rcc8
15. e4 $6 Rfd8 16. Qe2 Ne8 17. h4 Nb8 18. Ne5 Nc6 19. Ndf3 Nxe5 20. Nxe5 Bf6
21. g4 Ba6 22. Rd1 Rc7 23. Nxf7 Rxf7 24. e5 Bb7 25. Bxb7 Qxb7 26. exf6 Nxf6 27.
d4 (27. Qxe6 Re8 28. Qf5 Nd5 29. Qg5 h6 30. Qg6 Nf4 $19) 27... Ne4 28. dxc5
Rdf8 29. c6 Qxc6 30. Rac1 Qb7 31. Bd4 Rf3 32. Rd3 Rxd3 33. Qxd3 Qd5 34. Qc4
Qxc4 35. bxc4 Rf4 36. Kg2 Rxg4+ 37. Kh3 Rf4 38. Be3 Rf5 39. Kg2 Ra5 40. Kf3 Nd6
41. c5 bxc5 42. Rxc5 Rxa2 43. Rc6 Nf5 44. Rxe6 Nxh4+ 45. Kg4 Ng6 46. Re8+ Kf7
47. Ra8 Ra4+ 48. f4 a6 49. Bd2 Ne5+ 50. Kf5 Nc6 51. Kg5 h6+ 52. Kh5 Ra2 53. Bc3
Rc2 54. Ba1 a5 55. Rc8 Nd4 56. Ra8 g6+ 57. Kg4 h5+ 58. Kh3 Nc6 59. Kh4 Rc4 60.
Kg5 Rc5+ 61. Kh4 Rc1 62. Bb2 Rh1+ 63. Kg3 Rb1 64. Bh8 Rb8 65. Ra6 Rxh8 0-1